|
|
|
|
| LEADER |
00000nam0a2200000 4500 |
| 001 |
336634 |
| 005 |
20231102004856.0 |
| 035 |
|
|
|a (RuTPU)RU\TPU\book\363063
|
| 035 |
|
|
|a RU\TPU\book\229252
|
| 090 |
|
|
|a 336634
|
| 100 |
|
|
|a 20171019d1979 k y0rusy50 ca
|
| 101 |
0 |
|
|a rus
|
| 102 |
|
|
|a RU
|
| 105 |
|
|
|a a z 001zy
|
| 200 |
1 |
|
|a Мезозойский интрузивный магматизм Юго-Западного Забайкалья
|f Н. С. Вартанова, И. В. Завьялова, З. В. Щербакова
|g Академия наук СССР (АН СССР), Сибирское отделение (СО), Институт геологии и геофизики (ИГиГ) ; под ред. Г. В. Пинуса
|
| 210 |
|
|
|a Новосибирск
|c Изд-во СО АН СССР
|d 1979
|
| 215 |
|
|
|a 159 с.
|c ил., карты
|
| 225 |
1 |
|
|a Труды института геологии и геофизики (ИГиГ) СО АН СССР
|v Вып. 413
|
| 320 |
|
|
|a Библиогр. в конце статей
|
| 320 |
|
|
|a Библиогр.: с. 154-158
|
| 606 |
1 |
|
|a Геологические формации, интрузивные
|2 stltpush
|3 (RuTPU)RU\TPU\subj\6086
|9 34046
|
| 610 |
1 |
|
|a геология
|
| 610 |
1 |
|
|a геофизика
|
| 610 |
1 |
|
|a интрузии
|
| 610 |
1 |
|
|a интрузивный магматизм
|
| 610 |
1 |
|
|a мезозой
|
| 610 |
1 |
|
|a Забайкалье
|
| 610 |
1 |
|
|a структурно-фациальные зоны
|
| 610 |
1 |
|
|a петрохимия
|
| 610 |
1 |
|
|a гранитоиды
|
| 610 |
1 |
|
|a вмещающие породы
|
| 610 |
1 |
|
|a состав
|
| 610 |
1 |
|
|a кристаллизация
|
| 610 |
1 |
|
|a абсолютные температуры
|
| 610 |
1 |
|
|a химизм
|
| 675 |
|
|
|a 551.263.03
|v 3
|
| 700 |
|
1 |
|a Вартанова
|b Н. С.
|
| 701 |
|
1 |
|a Завьялова
|b И. В.
|
| 701 |
|
1 |
|a Щербакова
|b З. В.
|
| 702 |
|
1 |
|a Пинус
|b Г. В.
|c геолог, зав. лабораторией (1958-1983) Института геологии и геофизики СО АН СССР
|c выпускник Сибирского грного института по спец. "Геологическая съемка и поиски месторождений полезных ископаемых" 1934 г.
|f 1909-1983
|g Георгий Владимирович
|2 stltpush
|3 (RuTPU)RU\TPU\pers\26265
|4 340
|9 14429
|
| 712 |
0 |
2 |
|a Академия наук СССР (АН СССР)
|b Сибирское отделение (СО)
|b Институт геологии и геофизики (ИГиГ)
|c (Новосибирск)
|2 stltpush
|3 (RuTPU)RU\TPU\col\128
|
| 801 |
|
1 |
|a RU
|b 63413507
|c 20120216
|
| 801 |
|
2 |
|a RU
|b 63413507
|c 20181024
|g RCR
|
| 942 |
|
|
|c BK
|